=LDR 00000nam 2200000 4500 =001 INLIS000000000030739 =005 20130612132847 =008 ***********************************Ind** =035 ##$$0010-061300000030739 =041 ##$$a Ind =082 ##$$a 004.36 =090 ##$$a 004.36, Pur p =100 ##$$a Purnomo, Herry =245 ##$$a Pengamatan informatika perspektif teknik dan lingkungan, oleh Herry Purnomo dan Theo Zachorias =260 ##$$a 2005 $b Yogyakarta =300 ##$$a xxix, 636 hlm, ilus, 21 cm =650 ##$$a Komputer =850 ##$$a NBPNMAT